Online
Catalog

Los sistemas de pensiones en América Latina : (Record no. 12679)

MARC details
000 -CABECERA
campo de control de longitud fija 01119cam a2200301 a 4500
001 - NÚMERO DE CONTROL
campo de control 000013035
003 - IDENTIFICADOR DEL NÚMERO DE CONTROL
campo de control DO-SdBNP
005 - FECHA Y HORA DE LA ÚLTIMA TRANSACCIÓN
campo de control 20241209092232.0
008 - DATOS DE LONGITUD FIJA--INFORMACIÓN GENERAL
campo de control de longitud fija 050426s2004 cl a b i001 0 spa d
020 ## - NÚMERO INTERNACIONAL ESTÁNDAR DEL LIBRO
Número Internacional Estándar del Libro 9213225784
040 ## - FUENTE DE LA CATALOGACIÓN
Centro catalogador/agencia de origen DO-SdBNP
Lengua de catalogación spa
Centro/agencia transcriptor BNPHU
082 ## - NÚMERO DE LA CLASIFICACIÓN DECIMAL DEWEY
Número de clasificación 353.54
Número de documento/Ítem M321s
100 1# - ENTRADA PRINCIPAL--NOMBRE DE PERSONA
Nombre de persona Marco, Flavia
9 (RLIN) 30124
245 10 - MENCIÓN DE TÍTULO
Título Los sistemas de pensiones en América Latina :
Resto del título un análisis de género /
Mención de responsabilidad, etc. Flavia Marco, Daniel Giménez, Ligia Alvarenga.
260 ## - PUBLICACIÓN, DISTRIBUCIÓN, ETC.
Lugar de publicación, distribución, etc. Santiago de Chile :
Nombre del editor, distribuidor, etc. Naciones Unidas. CEPAL,
Fecha de publicación, distribución, etc. 2004.
300 ## - DESCRIPCIÓN FÍSICA
Extensión 261 p. :
Otras características físicas il. ;
Dimensiones 23 cm.
490 1# - MENCIÓN DE SERIE
Mención de serie Cuadernos CEPAL
Designación de volumen o secuencia 90
500 ## - NOTA GENERAL
Nota general Al pie de T.P.: Reino de los Paises Bajos.
500 ## - NOTA GENERAL
Nota general "Octubre de 2004."
546 ## - NOTA DE LENGUA/LENGUAJE
Nota de lengua/lenguaje Incluye resumen en Inglés.
650 #4 - PUNTO DE ACCESO ADICIONAL DE MATERIA--TÉRMINO DE MATERIA
Término de materia o nombre geográfico como elemento de entrada Mujeres
Subdivisión general Pensiones
Subdivisión geográfica América Latina
9 (RLIN) 30125
650 #4 - PUNTO DE ACCESO ADICIONAL DE MATERIA--TÉRMINO DE MATERIA
Término de materia o nombre geográfico como elemento de entrada Discriminación sexual contra la mujer
Subdivisión geográfica América Latina
9 (RLIN) 30126
700 1# - PUNTO DE ACCESO ADICIONAL--NOMBRE DE PERSONA
Nombre de persona Giménez, Daniel
9 (RLIN) 30127
700 1# - PUNTO DE ACCESO ADICIONAL--NOMBRE DE PERSONA
Nombre de persona Alvarenga, Ligia
9 (RLIN) 30128
710 ## - PUNTO DE ACCESO ADICIONAL--NOMBRE DE ENTIDAD CORPORATIVA
Nombre de entidad corporativa o nombre de jurisdicción como elemento de entrada Naciones Unidas.
Unidad subordinada Comisión Economica para América Latina y el Caribe
9 (RLIN) 3086
830 #0 - PUNTO DE ACCESO ADICIONAL DE SERIE-TÍTULO UNIFORME
Título uniforme Cuadernos de la CEPAL ;
Designación de volumen o secuencia 90
9 (RLIN) 3079
942 ## - ELEMENTOS DE PUNTO DE ACCESO ADICIONAL (KOHA)
Fuente del sistema de clasificación o colocación Dewey Decimal Classification
Tipo de ítem Koha Libro
Holdings
Estado de retiro Estado de pérdida Restricciones de uso No para préstamo Código de colección Localización permanente Ubicación/localización actual Ubicación en estantería Fecha de adquisición Número de inventario Total de préstamos Signatura topográfica completa Código de barras Fecha visto por última vez Precio válido a partir de Tipo de ítem Koha
    Préstamo interno   Monografías: Libros y Folletos General General En catalogación 19.11.2009 LF1   353.54 M321s 13035-10 25.06.2020 25.06.2020 Préstamo interno

Powered by Koha